000 00904nam a22003017a 4500
005 20251108170132.0
008 250721s9999 xx 000 0 ara d
082 1 4 _aط/ق/بهج
100 1 _aبهجت، أحمد
245 1 0 _aجحا و السلطان /
264 1 _aالقاهرة :
_bدار الشرق،
_c[19-].
264 1 _aالقاهرة :
_bدار الشرق،
_c[19-].
300 _a15ص
490 0 _aجحا ،3
650 1 7 _aالقصص العربية
650 1 7 _aالأدب العربي
650 1 7 _aأدب الأطفال
653 _aاطفال مرحلة متوسطة (6-9) سنوات
942 _2ddc
_cBK
008 250721s9999 xx 000 0 ara d
082 1 4 _aط/ق/بهج
100 1 _aبهجت، أحمد
245 1 0 _aجحا و السلطان /
300 _a15ص
490 0 _aجحا ،3
650 1 7 _aالقصص العربية
999 _c40586
_d40586